| 000 | 00369nam a2200145Ia 4500 | ||
|---|---|---|---|
| 008 | 150201s1995 xx 000 0 und d | ||
| 082 |
_a617.643 _bP1995S |
||
| 100 | _aSTEPHENS & ISSAACSON | ||
| 245 | _aPRACTICAL ORTHODONTICS ASSESSMENT | ||
| 250 | _a1ST | ||
| 260 |
_bWRIGHT PUBLICATION _aOXFORD _c1995 |
||
| 300 | _a1-133 | ||
| 650 | _aORTHODONTICS | ||
| 942 |
_2ddc _cBK |
||
| 999 |
_c3445 _d3445 |
||